La Suisse par image - Statistiques

Statistiques générales
  • Ce quiz a été pris 27 989 fois
  • Le résultat moyen est 12 sur 18
Statistiques - réponses
Par images Hint Réponse % Correct
plat Fondue
95%
marque de montre Rolex
95%
invention Couteau suisse
93%
ville Genève
90%
sportif Roger Federer
90%
lac Léman
85%
ville Berne
84%
multinationale Nestlé
80%
sport Ski {alpin}
78%
fromage Emmental
77%
langue Italien
73%
chien Saint-Bernard
65%
fleur Edelweiss
49%
roman et petite fille Heidi
43%
héros Guillaume Tell
42%
montagne Cervin
39%
canton Vaud
34%
instrument Cor des Alpes
25%
Aucun quiz correspondant
Distribution des résultats
% des personnes avec chaque résultat
Percentile par nombre de réponses
Votre historique - résultats
Vous n’avez pas pris ce quiz